El deber precontractual de declaración del riesgo en el seguro de daños

Guardat en:
Dades bibliogràfiques
Autor principal: Ríos Ossa, Roberto (Autor)
Format: Llibre
Idioma:espanyol
Publicat: Santiago Legal Publishing 2014
Edició:1a. ed
Matèries:
Etiquetes: Afegir etiqueta
Sense etiquetes, Sigues el primer a etiquetar aquest registre!

MARC

LEADER 00000cam a2200000 a 4500
001 UCD9592
003 CL-VaPUC
008 170630e20140000cl |||||||||||||||||spa|d
020 |a 9789563465525 
082 0 4 |a 346.83086  |b RIO  |2 21 
100 0 |a Ríos Ossa, Roberto  |e author  |9 593266 
245 1 3 |a El deber precontractual de declaración del riesgo en el seguro de daños 
250 |a 1a. ed 
300 |a 208 p 
942 |c BK 
945 |d 20170630 21:31:00  |a dcastane 
260 |a Santiago  |b Legal Publishing  |c 2014 
650 7 |a SEGUROS  |2 CL-VaPUC  |9 593267 
650 0 |a Derecho y legislación   |9 255077 
650 0 |a Derecho comercial chileno  |9 430902 
650 7 |a RESPONSABILIDAD CIVIL  |2 CL-VaPUC  |9 593268 
583 |a last modification  |c 20170630 21:31:00  |k Rodrigo Vera 
999 |c 368693  |d 368691 
952 |0 0  |1 0  |3 erb  |4 0  |6 346_830860000000000_RIO_2014  |7 0  |8 A  |9 484097  |a BIBDER  |b BIBDER  |i 5401917  |l 14  |m 2  |o 346.83086 RIO 2014  |p 5401917  |q 2025-05-09  |r 2025-04-09  |s 2025-04-09  |w 2019-11-24  |y BK  |z Catalogado en:20170630  |k DER